书目信息 |
| 题名: |
卡尔·马克思历史学笔记
|
|
| 作者: | 马克思 , 卡尔·马克思 著 ;中央编译局马列作编译部 译 | |
| 分册: | ||
| 出版信息: | 北京 中国人民大学出版社 2005 |
|
| 页数: | 1册 | |
| 开本: | 29cm | |
| 丛书名: | ||
| 单 册: | ||
| 中图分类: | A12 | |
| 科图分类: | ||
| 主题词: | 马克思著作--史学 | |
| 电子资源: | ||
| ISBN: | 7-300-06782-4 | |
| 000 | 01102nam0 2200241 450 | |
| 001 | TS2006042867 | |
| 005 | 20070120100617.64 | |
| 010 | @a7-300-06782-4@dCNY128.00 | |
| 100 | @a20060829d2005 ekmy0chiy0120 ea | |
| 101 | 1 | @achi@cgre |
| 102 | @aCN@b110000 | |
| 105 | @ay z 000yy | |
| 200 | 1 | @a卡尔·马克思历史学笔记@ALi Shi Xue Bi Ji@f(德)卡尔·马克思著@F( De) Ma Ke Si Zhu@g中央编译局马列作编译部译 |
| 210 | @a北京@c中国人民大学出版社@d2005 | |
| 215 | @a1册@d29cm | |
| 330 | @a《历史学笔记》是马克思晚年所写的一部史学手稿,大概写于19世纪70年代末和80年代初,共有四本笔记本。马克思在这份手稿中按编年顺序摘录了公元前1世纪初至17世纪中叶世界各国,特别是欧洲各国的政治历史事件。关于各个民族经济发展史的材料,马克思在另外一些笔记本中作了专门的记述。马克思逝世后,恩格斯在整理这份手稿时,给它加上了《编年摘录》这一标题。 | |
| 606 | 0 | @a马克思著作@x史学 |
| 690 | @aA12@v4 | |
| 701 | 1 | @a马克思@b卡尔@4著 |
| 701 | 0 | @a卡尔·马克思@Aka er·ma ke si@4著 |
| 702 | 0 | @a中央编译局马列作编译部@AZhong Yang Bian Yi Ju Ma Lie Zuo Bian Yi Bu@4译 |
| 801 | 0 | @aCN@b中图数据@c20070120 |
| 905 | @a10447@dA12@e38 | |
| 卡尔·马克思历史学笔记/(德)卡尔·马克思著/中央编译局马列作编译部译.-北京:中国人民大学出版社,2005 |
| 1册;29cm |
| ISBN 7-300-06782-4:CNY128.00 |
| 《历史学笔记》是马克思晚年所写的一部史学手稿,大概写于19世纪70年代末和80年代初,共有四本笔记本。马克思在这份手稿中按编年顺序摘录了公元前1世纪初至17世纪中叶世界各国,特别是欧洲各国的政治历史事件。关于各个民族经济发展史的材料,马克思在另外一些笔记本中作了专门的记述。马克思逝世后,恩格斯在整理这份手稿时,给它加上了《编年摘录》这一标题。 |
| ● |
| 相关链接 |
|
|
|
|
正题名:卡尔·马克思历史学笔记
索取号:A12/38
 
预约/预借
| 序号 | 登录号 | 条形码 | 馆藏地/架位号 | 状态 | 备注 |
| 1 | 0618101 | 206181013 | 第一样本阅览室/ [索取号:A12/38] | 在馆 | |
| 2 | 0618102 | 206181022 | 第一借阅区/ [索取号:A12/38] | 在馆 |